Az urban exploration és hasznosítása a hazai turizmusban

Bibliographic Details
Main Author: Ramasz Olívia
Other Authors: Schultz Dr. Éva
Format: Thesis
Kulcsszavak:alternatív turizmus
örökségturizmus
sötét turizmus
urban exploration
urbex
Online Access:http://dolgozattar.uni-bge.hu/59817

MARC

LEADER 00000nta a2200000 i 4500
001 dolg59817
005 20260409145612.0
008 260409suuuu hu om 000 hun d
040 |a BGE Dolgozattár Repozitórium  |b hun 
041 |a hu 
100 1 |a Ramasz Olívia 
245 1 3 |a Az urban exploration és hasznosítása a hazai turizmusban  |c Ramasz Olívia  |h [elektronikus dokumentum] 
520 3 |a Az urban exploration (urbex vagy UE) alternatív városi felfedezésként értelmezhető, melynek középpontjában gyakran elhagyatott épületek, gyárak, örökségek, kastélyok stb. állnak. Ezek gyakran olyan attrakciók, melyeket a hagyományos turizmus elkerül, nem véletlen, hiszen a helyszínekre sok esetben a belépés sem engedélyezett. Ennek ellenére néhány urbex attrakció mára már megjelent alternatív sétautakat értékesítő cégek kínálatában, mint például az Imagine Budapest vagy a Hosszúlépés. A dolgozatomban feltárom a hazai urban explorationt, jogi és etikai környezetét, valamint a lehetőségeit a turizmusban. Kutatási kérdéseim közt szerepel, hogy az urban exploration hogyan befolyásolja a kulturális örökségek és a műemlékek megőrzését Magyarországon. Megvizsgálom a tevékenység iránt érdeklődő szegmens szociodemográfiai jellemzőit, valamint motivációit mind a hagyományos turizmusban és az urbexhez kapcsolódóan is. Választ keresek továbbá arra, milyen lehetőségek vannak a hazai urban exploration attrakciók turisztikai fejlesztésére, annak milyen jogi keretei vannak, és hogyan befolyásolják a témával kapcsolatos média platformok a fejlesztést, illetve a látogatói motivációt. 
695 |a alternatív turizmus 
695 |a örökségturizmus 
695 |a sötét turizmus 
695 |a urban exploration 
695 |a urbex 
700 1 |a Schultz Dr. Éva  |e ths 
856 4 0 |u http://dolgozattar.uni-bge.hu/59817/1/Ramasz%20Ol%C3%ADvia%20-%20Szakdolgozat_.pdf  |z Dokumentum-elérés 
856 4 0 |u http://dolgozattar.uni-bge.hu/59817/2/ramasz_oliv%C3%ADa_opponens_nagy_gabriella.pdf  |z Dokumentum-elérés 
856 4 0 |u http://dolgozattar.uni-bge.hu/59817/3/Ramasz%20Ol%C3%ADvia_konzulensi_Schultz%20%C3%89va.pdf  |z Dokumentum-elérés